000 00424nam a22001457a 4500
003 macl
005 20180406121212.0
008 180406b xxu||||| |||| 00| 0 eng d
040 _cmacl
100 _aDaechsel, Markus
_971683
245 _aIslamabad and the Politics of Internationl Development in Pakistan
260 _aDelhi
_bCambridge University
_c2017
650 _aInternational Relatiion
_971684
942 _2ddc
_cBK
999 _c57468
_d57468